[Event "Kingston Easter U1900"]
[Site "Kingston"]
[Date "2019.04.22"]
[Round "8.26"]
[White "Bond, Hal"]
[Black "Balasooriya, Randika"]
[Result "1/2-1/2"]
[WhiteElo "1644"]
[BlackElo "1828"]
[PlyCount "72"]
[EventDate "2019.04.18"]
[EventType "swiss"]
[EventRounds "9"]
[EventCountry "CAN"]
[SourceTitle "EXT 2022"]
[Source "ChessBase"]
[SourceDate "2021.10.06"]
[SourceVersion "1"]
[SourceVersionDate "2021.10.06"]
[SourceQuality "1"]

1. e4 e5 2. Nf3 Nc6 3. Bc4 Bc5 4. c3 Nf6 5. d4 exd4 6. cxd4 Bb4+ 7. Nc3 Nxe4 8. 0-0 Bxc3 9. d5 Bf6 10. Re1 0-0 11. Rxe4 Ne7 12. Qb3 d6 13. Bg5 Ng6 14. Bxf6 Qxf6 15. Rae1 Bf5 16. R4e3 Rab8 17. R1e2 a6 18. Qd1 Bg4 19. h3 Bxf3 20. Rxf3 Qh4 21. Bd3 Ne5 22. Rfe3 c5 23. dxc6 Nxc6 24. Re4 Qf6 25. Qc2 Nd4 26. Rxd4 Qxd4 27. Bxh7+ Kh8 28. Re4 Qf6 29. Bf5 g6 30. Bd7 Kg7 31. Qd2 Rbd8 32. Ba4 b5 33. Bb3 Rfe8 34. Rf4 Qe7 35. Rxf7+ Qxf7 36. Bxf7 Kxf7 1/2-1/2

[Event "Kingston Easter U1900"]
[Site "Kingston"]
[Date "2019.04.20"]
[Round "4.28"]
[White "Xiao, Edward1111"]
[Black "Balasooriya, Randika"]
[Result "0-1"]
[WhiteElo "1572"]
[BlackElo "1828"]
[PlyCount "80"]
[EventDate "2019.04.18"]
[EventType "swiss"]
[EventRounds "9"]
[EventCountry "CAN"]
[SourceTitle "EXT 2022"]
[Source "ChessBase"]
[SourceDate "2021.10.06"]
[SourceVersion "1"]
[SourceVersionDate "2021.10.06"]
[SourceQuality "1"]

1. d4 Nf6 2. c4 e6 3. Nf3 c5 4. Bg5 cxd4 5. Nxd4 Qa5+ 6. Bd2 Qb6 7. Nb3 a5 8. a4 Ne4 9. e3 Nxd2 10. N1xd2 Bb4 11. Nd4 Na6 12. Be2 e5 13. Nb5 Nc5 14. 0-0 Bxd2 15. Qxd2 Nb3 16. Qd6 Qxd6 17. Nxd6+ Ke7 18. Rad1 Nc5 19. Rd5 Nxa4 20. b3 Nc3 21. Nxc8+ Rhxc8 22. Rd2 Nxe2+ 23. Rxe2 a4 24. Rb2 a3 25. Rd2 Rc6 26. Rd5 d6 27. f4 f6 28. Rb5 Ra7 29. f5 Kd8 30. Kf2 Kc7 31. Kf3 Rb6 32. Rxb6 Kxb6 33. Ke4 a2 34. Ra1 Kc5 35. Kd3 Kb4 36. Kc2 Ka3 37. Kc3 b5 38. cxb5 Rc7+ 39. Kd2 Kb2 40. b6 Rb7 0-1